000 00480nam a2200169Ia 4500
003 GCL
008 140319s9999 xx 000 0 ara d
040 _aGCL /
_cGCL
082 0 4 _a810.9
_bع ت
100 1 _aعبدالمجيد دياب
245 1 0 _aتحقيق التراث العربى منهجة وتطورة /
_cعبدالمجيد دياب
300 _a382 ص
490 _a
650 0 4 _aالادب العربى
650 0 4 _aالتراث العربى
942 _2ddc
_cBK
999 _c45630
_d45630